000 00563nam a22001817a 4500
003 UA-OsUOA
001 18168
007 ta
008 20040421b un ||||| |||| 00| 0 ukr d
100 _aНечипорик А.
942 _cSA
040 _aUA-OsUOA
_cUA-OsUOA
_dUA-OsUOA
245 _aЦілюща вода з джерела Липківського монастиря [Гощан. р-нуї
300 _aС.13
955 _a0
773 0 _w0
_tВільне слово
_dРівне
_d2004
_g№28/9 квіт./
650 7 _aКраєзнавча робота
_2UDC
999 _c304338
_d304338